Statistics for Capital Cities with Fastest & Slowest Growth Rate

Click here to take the quiz!

General Stats

  • This quiz has been taken 29 times
  • The average score is 10 of 20

Answer Stats

RegionGrowth %Capital City% Correct
Southern Europe-0.05%Athens
77%
SE Asia5.23%Hanoi
77%
Caribbean-0.01%Havana
73%
Eastern Europe-0.46%Bucharest
69%
West Africa6.10%Abuja
65%
Eastern Europe-1.05%Chişinău
62%
Caucasus-0.01%Tbilisi
62%
Middle East-0.02%Damascus
58%
East Africa5.37%Mogadishu
54%
Eastern Europe0.03%Sarajevo
50%
Middle East8.07%Manama
46%
Middle East8.00%Muscat
46%
SE Asia9.78%Naypyidaw
46%
Eastern Europe-0.52%Riga
46%
East Africa5.05%Kampala
42%
Central Asia5.79%Nur-Sultan
42%
Eastern Europe-0.05%Zagreb
42%
Central Africa5.45%Yaoundé
31%
East Africa5.24%Antananarivo
19%
Caribbean-0.04%Port of Spain
19%

Score Distribution

Percentile by Number Answered

Percent of People with Each Score

Your Score History

You have not taken this quiz